000 00506cam a22001457a 4500
008 180718b1936 xxu||||| |||| 00| 0 eng d
082 _aL351x42 In7
245 _aUse of sinking funds, sc., for capital prusposes
_cby Institute of Public Administration, London
260 _aLondon
_bInstitute of Public Administraiton
_c1936
300 _a66p.
440 _apaper
650 _aDebts, Public - Amortization - U.K.
650 _aSenking - Funds -U.K.
700 _aInstitute of Public Administraiton, London
999 _c480096
_d480096